| 000 | 00404nam a2200133Ia 4500 | ||
|---|---|---|---|
| 008 | 231129s9999||||xx |||||||||||||| ||spa|| | ||
| 020 | _a958-04-2497-7 | ||
| 040 | _bspa | ||
| 082 | _a701.15 G632L | ||
| 100 | _aGombrich Ernst | ||
| 245 | 0 | _aLo que nos dice la imagen: conversaciones sobre el arte y la ciencia | |
| 264 | _aGrupo Editorial Norma | ||
| 942 |
_2ddc _cBKS |
||
| 999 |
_c19399 _d19399 |
||